[Event "DEM U18w"]
[Site "Willingen"]
[Date "2006.06.07"]
[Round "7.10"]
[White "Rath, Alina"]
[Black "Schott, Peggy"]
[Result "1-0"]
[WhiteElo "1853"]
[BlackElo "1600"]
[PlyCount "49"]
[EventDate "2006.??.??"]
[EventType "swiss"]
[EventRounds "9"]
[EventCountry "GER"]

1. c4 e5 2. Nc3 Nc6 3. g3 g6 4. Bg2 Bg7 5. e4 d6 6. d3 Be6 7. Be3 Nge7 8. Qd2
O-O 9. Nge2 Qd7 10. O-O a6 11. b3 f5 12. f4 Nd4 13. Rae1 Rab8 14. Kh1 Nec6 15.
Ng1 Rf7 16. Nd5 exf4 17. Nxf4 Ne7 18. Bxd4 Bxd4 19. Nxe6 Bxg1 20. Ng5 Bd4 21.
Nxf7 Kxf7 22. exf5 gxf5 23. g4 Kg8 24. Qg5+ Ng6 25. gxf5 1-0

[Event "DEM U18w"]
[Site "Willingen"]
[Date "2006.06.07"]
[Round "7.11"]
[White "Schöttler, Katharina"]
[Black "Tovmasian, Nelli"]
[Result "0-1"]
[WhiteElo "1655"]
[BlackElo "1813"]
[PlyCount "58"]
[EventDate "2006.??.??"]
[EventType "swiss"]
[EventRounds "9"]
[EventCountry "GER"]

1. e4 c5 2. c4 Nc6 3. Ne2 e5 4. Nbc3 g6 5. g3 Bg7 6. Bg2 Nge7 7. d3 d6 8. O-O
O-O 9. Be3 f5 10. f4 h6 11. Qd2 Kh7 12. Kh1 a6 13. b3 Nd4 14. Rae1 Nec6 15. Nd5
Be6 16. Nec3 Rb8 17. Rb1 b5 18. Rf2 b4 19. Na4 Bxd5 20. exd5 exf4 21. Bxf4 Ne5
22. Rff1 Re8 23. Rbe1 Rb7 24. h3 Rbe7 25. Be3 Nf7 26. Rf2 Ng5 27. Bxd4 Rxe1+
28. Rf1 Rxf1+ 29. Bxf1 Bxd4 0-1

[Event "DEM U18w"]
[Site "Willingen"]
[Date "2006.06.07"]
[Round "7.12"]
[White "Janiesch, Maike"]
[Black "Völschow, Toni"]
[Result "0-1"]
[WhiteElo "1637"]
[BlackElo "1850"]
[PlyCount "132"]
[EventDate "2006.??.??"]
[EventType "swiss"]
[EventRounds "9"]
[EventCountry "GER"]

1. d4 d5 2. c4 e6 3. Nc3 Be7 4. cxd5 exd5 5. Qc2 Nf6 6. Bg5 h6 7. Bxf6 Bxf6 8.
e3 O-O 9. Bd3 Re8 10. Nge2 c6 11. O-O Nd7 12. b4 a6 13. Na4 Be7 14. Rab1 Qc7
15. Rfc1 b5 16. Nb2 Bb7 17. a3 Nb6 18. Re1 Nc4 19. Nxc4 bxc4 20. Bf5 a5 21. Nc3
axb4 22. axb4 Bd6 23. g3 Ra3 24. Na4 Ra8 25. Nc5 Bc8 26. Bxc8 Qxc8 27. Qb2 Ra2
28. Qc1 Qf5 29. Rb2 Qf3 30. Qb1 Rxb2 31. Qxb2 h5 32. h3 Bxg3 33. fxg3 Qxg3+ 34.
Kf1 Qxh3+ 35. Qg2 Qxg2+ 36. Kxg2 Ra2+ 37. Kf3 Rb2 38. Na6 g5 39. Rh1 h4 40. Nb8
Rxb4 41. Nxc6 Rb5 42. Kg4 f6 43. Re1 Kg7 44. Ra1 Rb7 45. Ra5 Rb3 46. Rxd5 Rxe3
47. Rd7+ Kf8 48. Rd8+ Re8 49. Rd5 c3 50. Rc5 Re3 51. Ra5 h3 52. Ra8+ Re8 53.
Ra2 Re3 54. Ra8+ Kf7 55. Ra7+ Ke8 56. Ra2 Rd3 57. Rc2 Kd7 58. Na5 Rxd4+ 59.
Kxh3 Rd3+ 60. Kg4 Ke6 61. Re2+ Kd5 62. Rc2 Ke4 63. Nb3 Kd5 64. Kf5 Kc4 65. Na5+
Kb4 66. Nc6+ Kb3 0-1

[Event "DEM U18w"]
[Site "Willingen"]
[Date "2006.06.08"]
[Round "8.1"]
[White "Laake, Jasmin"]
[Black "Butschek, Tanja"]
[Result "1-0"]
[WhiteElo "1976"]
[BlackElo "2025"]
[PlyCount "135"]
[EventDate "2006.??.??"]
[EventType "swiss"]
[EventRounds "9"]
[EventCountry "GER"]

1. e4 c5 2. Nf3 e6 3. d4 cxd4 4. Nxd4 Nf6 5. Nc3 Nc6 6. Ndb5 Bb4 7. a3 Bxc3+ 8.
Nxc3 d5 9. Bd3 O-O 10. O-O h6 11. h3 b6 12. f4 dxe4 13. Nxe4 Qd4+ 14. Nf2 Rd8
15. c3 Qc5 16. Qe2 Bb7 17. Be3 Qd5 18. c4 Qh5 19. Ng4 Nxg4 20. hxg4 Qh4 21. Bf2
Qf6 22. Qe4 Rab8 23. Qh7+ Kf8 24. g5 hxg5 25. fxg5 Qxg5 26. Bh4 Qe3+ 27. Kh1
Ne7 28. Qh8+ Ng8 29. Bxd8 Qg3 30. Qh2 Qxh2+ 31. Kxh2 Rxd8 32. Rad1 Nf6 33. Be2
Rc8 34. b3 a5 35. Bf3 Bxf3 36. Rxf3 Ng4+ 37. Kg3 Ne5 38. Re3 Nc6 39. Red3 a4
40. b4 Ne5 41. Rd8+ Rxd8 42. Rxd8+ Ke7 43. Rd4 g5 44. c5 b5 45. Rd6 Nc4 46. Rd1
Ne5 47. Rd4 f6 48. Rd1 f5 49. Rd4 f4+ 50. Kf2 Ng4+ 51. Kf3 Ne3 52. Ke4 Nc4 53.
Rd3 Nb2 54. Rd2 Nc4 55. Rd4 e5 56. Rd5 Kf6 57. Rd8 Ke7 58. Rb8 Nxa3 59. Kd5 Kd7
60. c6+ Kc7 61. Rb7+ Kc8 62. Rg7 Nc4 63. c7 e4 64. Kc6 Ne5+ 65. Kb6 Nc4+ 66.
Kxb5 Ne5 67. Rxg5 Nd3 68. Kb6 1-0

[Event "DEM U18w"]
[Site "Willingen"]
[Date "2006.06.08"]
[Round "8.2"]
[White "Winkelmann, Elena"]
[Black "Großmann, Susan"]
[Result "0-1"]
[WhiteElo "2055"]
[BlackElo "2062"]
[PlyCount "70"]
[EventDate "2006.??.??"]
[EventType "swiss"]
[EventRounds "9"]
[EventCountry "GER"]

1. c4 Nf6 2. Nc3 g6 3. d4 Bg7 4. e4 d6 5. f3 O-O 6. Be3 Nc6 7. Nge2 a6 8. Qd2
Rb8 9. g4 b5 10. h4 h5 11. g5 Nd7 12. f4 Nb6 13. Ng3 Nxc4 14. Bxc4 bxc4 15. a3
Na5 16. Qf2 Nb3 17. Rd1 Bg4 18. Nge2 c6 19. O-O d5 20. f5 Kh7 21. f6 exf6 22.
gxf6 Bh6 23. Bxh6 Kxh6 24. Qe3+ Kh7 25. Rf4 Qd7 26. Kh2 Rfe8 27. Rg1 Bxe2 28.
Nxe2 Rxe4 29. Rxe4 dxe4 30. Qf4 Rb5 31. Qxe4 Qd6+ 32. Rg3 Rf5 33. Kh3 Qxf6 34.
Qe3 Rf2 35. Qe4 Nd2 0-1

[Event "DEM U18w"]
[Site "Willingen"]
[Date "2006.06.08"]
[Round "8.7"]
[White "Gasch, Franziska"]
[Black "Albano Jeremias, Bianca"]
[Result "0-1"]
[WhiteElo "1860"]
[BlackElo "1971"]
[PlyCount "70"]
[EventDate "2006.??.??"]
[EventType "swiss"]
[EventRounds "9"]
[EventCountry "GER"]

1. e4 e6 2. d4 d5 3. Nc3 Nf6 4. e5 Nfd7 5. f4 c5 6. Nf3 Nc6 7. Be3 cxd4 8. Nxd4
Bc5 9. a3 a6 10. Qd2 O-O 11. O-O-O Nxd4 12. Bxd4 b5 13. h4 Qc7 14. Qf2 Rb8 15.
Bxc5 Nxc5 16. Rd4 Bd7 17. h5 f6 18. exf6 Rxf6 19. g4 a5 20. h6 g6 21. Qe3 b4
22. axb4 axb4 23. Nb1 Ba4 24. Kd1 Ne4 25. Bd3 Rxf4 26. Rh2 Rxg4 27. Re2 Rg3 28.
Qc1 Qc5 29. Rdxe4 dxe4 30. Bxe4 Rg1+ 31. Re1 Rd8+ 32. Ke2 Bb5+ 33. Bd3 Qe5+ 34.
Kf2 Rxe1 35. Qxe1 Rf8+ 0-1

[Event "DEM U18w"]
[Site "Willingen"]
[Date "2006.06.08"]
[Round "8.8"]
[White "Dauer, Christina"]
[Black "Rath, Alina"]
[Result "1/2-1/2"]
[WhiteElo "1964"]
[BlackElo "1853"]
[PlyCount "93"]
[EventDate "2006.??.??"]
[EventType "swiss"]
[EventRounds "9"]
[EventCountry "GER"]

1. e4 c5 2. Nc3 Nc6 3. g3 g6 4. d3 d6 5. Be3 Bg7 6. Qd2 e5 7. Bg2 Nge7 8. Bh6
Bxh6 9. Qxh6 Nd4 10. Qd2 Be6 11. Nce2 Ndc6 12. Nf3 h6 13. c3 g5 14. d4 Bc4 15.
Rd1 f6 16. Qc2 Qb6 17. dxc5 dxc5 18. b3 Be6 19. Rd6 Kf7 20. Nd2 Qc7 21. Rxe6
Kxe6 22. b4 Kf7 23. Qb3+ Kg7 24. bxc5 Rac8 25. Bh3 Rcd8 26. Qe6 Qa5 27. Qc4 Qa3
28. Nb3 Qxa2 29. Nec1 Qc2 30. O-O Rd1 31. Rxd1 Qxd1+ 32. Bf1 Qd7 33. Nd3 Rd8
34. Nd2 Na5 35. Qb5 Nec6 36. Qb1 Qe7 37. Qd1 Rd7 38. Qg4 a6 39. Be2 Na7 40. Qf5
N5c6 41. Nf1 Qd8 42. Bh5 Ne7 43. Qe6 Ng6 44. Bxg6 Re7 45. Qd6 Rd7 46. Qe6 Re7
47. Qd6 1/2-1/2

[Event "DEM U18w"]
[Site "Willingen"]
[Date "2006.06.08"]
[Round "8.10"]
[White "Völschow, Toni"]
[Black "Tovmasian, Nelli"]
[Result "0-1"]
[WhiteElo "1850"]
[BlackElo "1813"]
[PlyCount "88"]
[EventDate "2006.??.??"]
[EventType "swiss"]
[EventRounds "9"]
[EventCountry "GER"]

1. e4 e6 2. d3 d5 3. Nd2 Nf6 4. Ngf3 b6 5. g3 Bb7 6. e5 Nfd7 7. Bg2 g5 8. h3 c5
9. Nf1 Rg8 10. d4 cxd4 11. Qxd4 Nc6 12. Qe3 h6 13. Bd2 Qc7 14. Bc3 Bc5 15. Bd4
Nxd4 16. Nxd4 Nxe5 17. c3 Ba6 18. O-O-O O-O-O 19. Kb1 Nc4 20. Qf3 Kb8 21. Nh2
Rc8 22. Ng4 Rg6 23. Rhe1 Bxd4 24. Rxd4 Bb7 25. Qe2 h5 26. Nh2 h4 27. Rd3 Ba6
28. Qd1 Nd6 29. Rde3 Nf5 30. Re5 hxg3 31. fxg3 Nxg3 32. Ng4 Nh5 33. Nf2 Nf4 34.
Bf3 Rh8 35. Qd2 Nxh3 36. Ng4 Nf4 37. R5e3 Rh4 38. Qd4 Qc4 39. Ne5 Qxd4 40. cxd4
Rg7 41. Rc1 Kb7 42. Rec3 f6 43. Nc6 Rh8 44. Bd1 Bb5 0-1

[Event "DEM U16w"]
[Site "Willingen"]
[Date "2006.06.08"]
[Round "8.1"]
[White "Jussupow, Ekaterina"]
[Black "Mader, Manuela"]
[Result "1/2-1/2"]
[WhiteElo "2021"]
[BlackElo "2061"]
[PlyCount "158"]
[EventDate "2006.??.??"]
[EventType "swiss"]
[EventRounds "9"]
[EventCountry "GER"]

1. e4 c6 2. d4 d5 3. exd5 cxd5 4. Bd3 Nc6 5. c3 Qc7 6. Ne2 Bg4 7. f3 Bd7 8. O-O
e5 9. Re1 O-O-O 10. Be3 Bd6 11. dxe5 Nxe5 12. f4 Ng4 13. Bxa7 Bxf4 14. Nxf4
Qxf4 15. g3 Qh6 16. Qd2 Qd6 17. Bd4 N8f6 18. Na3 h5 19. Rac1 Ne4 20. Bxe4 dxe4
21. Nc4 Qc6 22. Nb6+ Kb8 23. Nxd7+ Qxd7 24. Rxe4 f5 25. Qf4+ Ka8 26. Re2 Rhe8
27. Rce1 Rxe2 28. Rxe2 Re8 29. Rxe8+ Qxe8 30. Qxf5 Qe1+ 31. Qf1 Qe7 32. h3 Nf6
33. Qd1 Qd7 34. Qf1 Qe6 35. Bxf6 gxf6 36. a3 Qe3+ 37. Qf2 Qg5 38. Kh2 Qe5 39.
h4 Qb5 40. Qd2 Qb3 41. Qd8+ Ka7 42. Qd4+ Ka8 43. c4 Qc2+ 44. Kh3 Qe2 45. Qxf6
Qg4+ 46. Kg2 Qe2+ 47. Qf2 Qxc4 48. Qf1 Ka7 49. Qf2+ Ka8 50. Qd2 Qe4+ 51. Kh2
Qe5 52. b4 b5 53. Qd3 Kb7 54. Qf3+ Ka7 55. Kh3 Qe6+ 56. g4 hxg4+ 57. Qxg4 Qe3+
58. Qg3 Qe6+ 59. Kg2 Qe4+ 60. Kf1 Qb1+ 61. Qe1 Qd3+ 62. Kf2 Qf5+ 63. Kg3 Qg6+
64. Kh3 Qf5+ 65. Kg2 Qg4+ 66. Qg3 Qe4+ 67. Kf2 Qc2+ 68. Kf3 Qd3+ 69. Kf4 Qd6+
70. Kg4 Qg6+ 71. Kh3 Qe6+ 72. Kg2 Qe4+ 73. Qf3 Qg6+ 74. Kh1 Qb1+ 75. Kh2 Qc2+
76. Kh3 Qc8+ 77. Kg2 Qg8+ 78. Kh1 Qc4 79. Qf8 Qxh4+ 1/2-1/2

[Event "DEM U14"]
[Site "Willingen"]
[Date "2006.06.08"]
[Round "8.3"]
[White "Tkachuk, Konstantyn"]
[Black "Strunski, Andreas"]
[Result "1/2-1/2"]
[WhiteElo "1987"]
[BlackElo "2146"]
[PlyCount "99"]
[EventDate "2006.??.??"]
[EventType "swiss"]
[EventRounds "9"]
[EventCountry "GER"]

1. e4 e6 2. d4 d5 3. exd5 exd5 4. Nf3 Nf6 5. Bd3 Bd6 6. O-O O-O 7. Re1 Bg4 8.
Bg5 Nbd7 9. Nbd2 c6 10. c3 Qc7 11. Qc2 Rae8 12. Bf4 Bh5 13. b3 Bg6 14. c4 Bxf4
15. g3 Bg5 16. Nxg5 Qa5 17. Bxg6 hxg6 18. Ndf3 c5 19. cxd5 cxd4 20. Rxe8 Rxe8
21. Nxd4 Qxd5 22. Ngf3 Ne5 23. Kg2 Nxf3 24. Nxf3 b6 25. Rd1 Qb7 26. Rd4 Nd7 27.
Qd3 Nc5 28. Qd2 Qc6 29. Qc2 a5 30. a3 Qb7 31. h4 Ne6 32. Rd6 Rc8 33. Qd2 Rc5
34. Qe3 Rf5 35. Rxb6 Qd5 36. g4 Rf6 37. Kg3 Qd8 38. Rb5 Qc7+ 39. Qe5 Qc6 40.
Rd5 Qb6 41. Rd3 Qa6 42. Qe4 Qc8 43. Qe5 Qc1 44. b4 axb4 45. axb4 Qb1 46. Qb8+
Kh7 47. Re3 Qd1 48. Qb7 Qd6+ 49. Ne5 Qd2 50. Nf3 1/2-1/2

[Event "DEM U10"]
[Site "Willingen"]
[Date "2006.06.09"]
[Round "10.25"]
[White "Helle, Samuel"]
[Black "Schmalhorst, Sophia"]
[Result "1/2-1/2"]
[WhiteElo "1358"]
[BlackElo "879"]
[PlyCount "40"]
[EventDate "2006.??.??"]
[EventType "swiss"]
[EventRounds "11"]
[EventCountry "GER"]

1. e4 e5 2. Nf3 Nc6 3. c3 Nf6 4. d4 Nxe4 5. d5 Ne7 6. Nxe5 Ng6 7. Nf3 Bc5 8.
Be3 Bb6 9. Bd3 Nf6 10. c4 d6 11. O-O Ne7 12. Re1 O-O 13. Nc3 Re8 14. Qc2 Bg4
15. Ng5 g6 16. h3 Bf5 17. Nce4 Nxe4 18. Nxe4 Bxe3 19. Nf6+ Kh8 20. Nxe8 Bd4
1/2-1/2

[Event "DEM U18w"]
[Site "Willingen"]
[Date "2006.06.08"]
[Round "8.3"]
[White "Hoolt, Sarah"]
[Black "Dietzen, Corinna"]
[Result "1-0"]
[WhiteElo "2145"]
[BlackElo "1949"]
[PlyCount "75"]
[EventDate "2006.??.??"]
[EventType "swiss"]
[EventRounds "9"]
[EventCountry "GER"]

1. e4 e5 2. Bc4 Nf6 3. d3 Bc5 4. Nf3 d6 5. Bb3 O-O 6. c3 Nc6 7. Nbd2 Be6 8. Bc2
d5 9. O-O dxe4 10. dxe4 Qe7 11. Qe2 a6 12. Nc4 Bg4 13. h3 Bxf3 14. Qxf3 Ne8 15.
Be3 Bxe3 16. Nxe3 Nd6 17. Qg3 f6 18. Nd5 Qd7 19. f4 exf4 20. Rxf4 Kh8 21. Rd1
Ne5 22. Ne3 Qe7 23. Nf5 Nxf5 24. exf5 Rad8 25. Rxd8 Rxd8 26. Rh4 c5 27. Kh2 b5
28. a4 Rd2 29. Be4 Rxb2 30. Bd5 g5 31. fxg6 Nxg6 32. Re4 Qf8 33. axb5 axb5 34.
Qc7 b4 35. Bf7 Qg7 36. Rg4 Qf8 37. Bxg6 hxg6 38. Rh4+ 1-0

[Event "DEM U18w"]
[Site "Willingen"]
[Date "2006.06.08"]
[Round "8.9"]
[White "Schulze, Dorothee"]
[Black "Tischer, Jana"]
[Result "1/2-1/2"]
[WhiteElo "1946"]
[BlackElo "1835"]
[PlyCount "67"]
[EventDate "2006.??.??"]
[EventType "swiss"]
[EventRounds "9"]
[EventCountry "GER"]

1. e4 c5 2. Nf3 Nc6 3. d4 cxd4 4. Nxd4 Nf6 5. Nc3 e5 6. Ndb5 d6 7. Bg5 a6 8.
Na3 b5 9. Bxf6 gxf6 10. Nd5 f5 11. c3 Bg7 12. exf5 Bxf5 13. Nc2 O-O 14. Nce3
Be6 15. Bd3 f5 16. Qh5 Ra7 17. g4 e4 18. Bc2 Bxd5 19. Nxd5 Ne7 20. O-O-O Nxd5
21. Rxd5 fxg4 22. Bxe4 Be5 23. Qxg4+ Rg7 24. Qe6+ Kh8 25. f3 Qg5+ 26. Kb1 Qe3
27. Qh3 Rf4 28. Rd3 Qe2 29. Rdd1 Rxe4 30. fxe4 Rg2 31. Qc8+ Kg7 32. Qd7+ Kg6
33. Qe6+ Kg7 34. Qe7+ 1/2-1/2

[Event "DEM U18w"]
[Site "Willingen"]
[Date "2006.06.08"]
[Round "8.11"]
[White "Schott, Peggy"]
[Black "Hammerich, Nadine"]
[Result "1/2-1/2"]
[WhiteElo "1600"]
[BlackElo "1529"]
[PlyCount "48"]
[EventDate "2006.??.??"]
[EventType "swiss"]
[EventRounds "9"]
[EventCountry "GER"]

1. d4 Nf6 2. c4 d6 3. Nc3 Nbd7 4. e4 e5 5. Nf3 Be7 6. g3 O-O 7. Bg2 c6 8. O-O
Qc7 9. h3 a6 10. a4 b6 11. Be3 Bb7 12. Nh4 c5 13. d5 Nb8 14. Nf5 Bc8 15. f4
Bxf5 16. exf5 exf4 17. Bxf4 Nfd7 18. g4 Bf6 19. Ra3 Bd4+ 20. Kh1 Ne5 21. Bxe5
Bxe5 22. Qd2 Nd7 23. g5 Bd4 24. Ne2 Ne5 1/2-1/2

[Event "DEM U16w"]
[Site "Willingen"]
[Date "2006.06.08"]
[Round "8.2"]
[White "Thiele, Andra"]
[Black "Fuchs, Judith"]
[Result "0-1"]
[WhiteElo "1578"]
[BlackElo "2007"]
[PlyCount "94"]
[EventDate "2006.??.??"]
[EventType "swiss"]
[EventRounds "9"]
[EventCountry "GER"]

1. e4 c6 2. Ne2 d5 3. e5 c5 4. d4 Nc6 5. c3 Bg4 6. f3 Bf5 7. dxc5 e6 8. b4 Nge7
9. Nd4 Rc8 10. Bb5 a6 11. Ba4 h6 12. Nd2 g5 13. O-O Bg7 14. Re1 O-O 15. Nxf5
Nxf5 16. Bxc6 Rxc6 17. Nb3 Rc8 18. Nd4 Ne7 19. g3 b6 20. Nb3 Ng6 21. f4 gxf4
22. Bxf4 Nxf4 23. gxf4 Qh4 24. Qf3 f6 25. exf6 Rxf6 26. Qg3 Qh5 27. Kh1 Rg6 28.
Qe3 bxc5 29. Nxc5 d4 30. Qe2 Qd5+ 31. Qe4 dxc3 32. Qxd5 exd5 33. Rg1 Rxg1+ 34.
Rxg1 Kf7 35. Rc1 Bd4 36. Nxa6 Be3 37. Rc2 d4 38. Nc5 Rxc5 39. bxc5 Bd2 40. c6
Ke7 41. f5 d3 42. f6+ Kxf6 43. Rxc3 Bxc3 44. c7 d2 45. c8=Q d1=Q+ 46. Kg2 Qe2+
47. Kg3 Be5+ 0-1

[Event "DEM U16w"]
[Site "Willingen"]
[Date "2006.06.08"]
[Round "8.3"]
[White "Zikeli, Saskia"]
[Black "Erben, Larissa"]
[Result "1-0"]
[WhiteElo "1985"]
[BlackElo "1868"]
[PlyCount "79"]
[EventDate "2006.??.??"]
[EventType "swiss"]
[EventRounds "9"]
[EventCountry "GER"]

1. e4 c5 2. Nf3 e6 3. d4 cxd4 4. Nxd4 Nc6 5. Nc3 Qc7 6. g3 Nf6 7. Ndb5 Qb8 8.
Bf4 e5 9. Bg5 a6 10. Bxf6 gxf6 11. Na3 b5 12. Nd5 Be7 13. c3 Qb7 14. Qf3 Nd8
15. Bd3 Qc6 16. Nc2 Bb7 17. Nce3 Rc8 18. Nxe7 Kxe7 19. Nd5+ Kf8 20. Nxf6 Ne6
21. Rd1 Nc5 22. Bc2 Rd8 23. O-O h5 24. h4 Rh6 25. Nd5 Qg6 26. Rd2 d6 27. Rfd1
Bc8 28. Ne3 Kg8 29. Nf5 Bxf5 30. exf5 Qf6 31. Rd5 Ne6 32. Rxd6 Rxd6 33. Rxd6
Kg7 34. Qd1 Qe7 35. fxe6 Rxe6 36. Rxe6 Qxe6 37. Qxh5 Qxa2 38. Qxe5+ Kf8 39.
Qd6+ Kg7 40. h5 1-0

[Event "DEM U16w"]
[Site "Willingen"]
[Date "2006.06.08"]
[Round "8.4"]
[White "Kickert, Germaine Helene"]
[Black "Zier, Verena"]
[Result "1-0"]
[WhiteElo "1913"]
[BlackElo "1872"]
[PlyCount "79"]
[EventDate "2006.??.??"]
[EventType "swiss"]
[EventRounds "9"]
[EventCountry "GER"]

1. e4 e6 2. d4 d5 3. Nc3 Nf6 4. e5 Nfd7 5. f4 c5 6. Nf3 Nc6 7. Be3 cxd4 8. Nxd4
Qb6 9. Qd2 Qxb2 10. Rb1 Qa3 11. Bb5 Ndb8 12. O-O Qa5 13. Rb3 Qd8 14. Qf2 a6 15.
Bxc6+ Nxc6 16. Nxc6 bxc6 17. Bb6 Qd7 18. Bc5 Be7 19. Rb6 Bd8 20. Na4 f5 21. Rb3
Kf7 22. Qf3 Be7 23. Bd4 Qe8 24. Nc5 a5 25. Rb6 Bd8 26. Rb3 Be7 27. Rb6 Bd8 28.
Rb3 Bc7 29. Rfb1 g6 30. Nb7 Qd7 31. Nd6+ Kg7 32. Bc5 Ba6 33. Qg3 Rhb8 34. Rxb8
Rxb8 35. Rxb8 Bxb8 36. Qg5 Bc7 37. Qf6+ Kg8 38. Nxf5 h5 39. Ne7+ Kh7 40. Qf7+
1-0

[Event "DEM U16w"]
[Site "Willingen"]
[Date "2006.06.08"]
[Round "8.5"]
[White "Vollak, Marleen"]
[Black "Remy, Janina"]
[Result "1/2-1/2"]
[WhiteElo "1866"]
[BlackElo "1887"]
[PlyCount "80"]
[EventDate "2006.??.??"]
[EventType "swiss"]
[EventRounds "9"]
[EventCountry "GER"]

1. e4 g6 2. d4 Bg7 3. Nc3 d6 4. Be3 Nd7 5. Qd2 a6 6. a4 b6 7. Bc4 Bb7 8. f3 h6
9. g4 e6 10. Nge2 Ne7 11. Nf4 e5 12. Nfd5 Nxd5 13. Bxd5 Bxd5 14. exd5 exd4 15.
Bxd4 Qe7+ 16. Kd1 O-O 17. Ra3 Ne5 18. Qf4 Rae8 19. Re1 Qh4 20. Ne2 Qd8 21. Qg3
Nc4 22. Rb3 Rxe2 23. Rxe2 Bxd4 24. Re4 Na5 25. Rxd4 Nxb3 26. cxb3 Qf6 27. Qf2
Re8 28. h4 g5 29. h5 Qe5 30. Kd2 f5 31. b4 f4 32. Kc3 Kf7 33. Kc4 Qe2+ 34. Qxe2
Rxe2 35. b3 Ke7 36. Rd3 Kd7 37. Kd4 c5+ 38. Kc4 Rc2+ 39. Rc3 Rd2 40. Rd3 Rc2+
1/2-1/2

[Event "DEM U16w"]
[Site "Willingen"]
[Date "2006.06.08"]
[Round "8.7"]
[White "Jehle, Anja"]
[Black "van Orsouw, Svenja"]
[Result "1-0"]
[WhiteElo "1834"]
[BlackElo "1596"]
[PlyCount "85"]
[EventDate "2006.??.??"]
[EventType "swiss"]
[EventRounds "9"]
[EventCountry "GER"]

1. d4 Nf6 2. c4 g6 3. Nc3 Bg7 4. e4 d6 5. f3 O-O 6. Be3 c5 7. Nge2 Nc6 8. Qd2
Qa5 9. d5 Ne5 10. Nc1 e6 11. Be2 exd5 12. exd5 a6 13. h3 Nh5 14. f4 Ng3 15. Nb3
Qd8 16. Rg1 Nd7 17. Bd3 Nf6 18. O-O-O Re8 19. Qf2 Nge4 20. Nxe4 Nxe4 21. Qf3 f5
22. g4 b5 23. Nd2 Bxb2+ 24. Kxb2 Qf6+ 25. Kb1 Nc3+ 26. Kc2 Nxa2 27. Nb1 Nb4+
28. Kc1 Rb8 29. Bc2 Nxc2 30. Kxc2 bxc4 31. Nc3 Rb3 32. Bd2 fxg4 33. hxg4 Bf5+
34. gxf5 Qxf5+ 35. Kc1 Reb8 36. Be1 Rb1+ 37. Kd2 R8b2+ 38. Ke3 Rxd1 39. Qxd1
Qh3+ 40. Qf3 Qf5 41. Qe4 Qh3+ 42. Bg3 Rb3 43. Qxc4 1-0

[Event "DEM U16w"]
[Site "Willingen"]
[Date "2006.06.08"]
[Round "8.11"]
[White "Reh, Theresa"]
[Black "Billing, Tanja"]
[Result "1/2-1/2"]
[WhiteElo "1840"]
[BlackElo "1644"]
[PlyCount "64"]
[EventDate "2006.??.??"]
[EventType "swiss"]
[EventRounds "9"]
[EventCountry "GER"]

1. e4 c5 2. Nf3 e6 3. d4 cxd4 4. Nxd4 Nf6 5. Bd3 Nc6 6. Nxc6 bxc6 7. O-O Be7 8.
Re1 O-O 9. Qf3 Qb6 10. Qg3 Bc5 11. Re2 Ba6 12. Nc3 Bd4 13. e5 Nh5 14. Qf3 Bxd3
15. cxd3 g6 16. Bh6 Ng7 17. Qf6 Ne8 18. Qh4 Ng7 19. Ne4 Bxe5 20. Nf6+ Bxf6 21.
Qxf6 Nf5 22. Bxf8 Rxf8 23. Re4 d5 24. Rf4 c5 25. b3 Nd4 26. Rh4 Qb4 27. Qg5 Qc3
28. Rf1 Ne2+ 29. Kh1 Qxd3 30. Ra1 Qc3 31. Rf1 Qd3 32. Ra1 Qc3 1/2-1/2

[Event "DEM U14"]
[Site "Willingen"]
[Date "2006.06.08"]
[Round "8.4"]
[White "Zelbel, Patrick"]
[Black "Fischer, Thomas"]
[Result "0-1"]
[WhiteElo "2019"]
[BlackElo "2045"]
[PlyCount "70"]
[EventDate "2006.??.??"]
[EventType "swiss"]
[EventRounds "9"]
[EventCountry "GER"]

1. e4 c5 2. c3 d5 3. exd5 Qxd5 4. d4 Nf6 5. Nf3 Bg4 6. Be2 e6 7. h3 Bh5 8. c4
Qd8 9. Nc3 cxd4 10. Qa4+ Nbd7 11. Nxd4 Bxe2 12. Ndxe2 Be7 13. O-O O-O 14. Qc2
Rc8 15. b3 Qa5 16. Bd2 Qa6 17. Rfd1 Rfd8 18. Qd3 Nc5 19. Qf3 Rxd2 20. Rxd2 Nxb3
21. axb3 Qxa1+ 22. Kh2 Qa6 23. Qe3 Qc6 24. Ng3 a6 25. Na4 b5 26. Nb2 h6 27. f4
Bd6 28. Qd4 Bc7 29. Qe3 Bb6 30. Qe2 Qc5 31. Qd1 Qe3 32. Ne2 Bc7 33. g3 Ne4 34.
Rd7 Qf2+ 35. Kh1 Qxe2 0-1

[Event "DEM U14"]
[Site "Willingen"]
[Date "2006.06.08"]
[Round "8.13"]
[White "Belger, Christian"]
[Black "Marx, Joschka"]
[Result "1-0"]
[WhiteElo "1966"]
[BlackElo "1674"]
[PlyCount "77"]
[EventDate "2006.??.??"]
[EventType "swiss"]
[EventRounds "9"]
[EventCountry "GER"]

1. e4 d5 2. exd5 Qxd5 3. Nc3 Qa5 4. d4 Nf6 5. Bc4 c6 6. Nf3 Bf5 7. O-O e6 8.
Re1 Be7 9. Bd2 O-O 10. Nd5 Qd8 11. Nxe7+ Qxe7 12. Ne5 h6 13. c3 Nbd7 14. Qf3
Nxe5 15. Rxe5 Bg6 16. Rae1 Rad8 17. Bf4 Kh8 18. Bg3 Nd7 19. R5e2 Nb6 20. Bb3
Nd5 21. Re5 Qd7 22. Bh4 Rc8 23. c4 Nb4 24. Rd1 Rfe8 25. h3 Qc7 26. Qe2 Qd7 27.
f3 b5 28. cxb5 Nd5 29. Bc4 Rb8 30. bxc6 Qxc6 31. Bxd5 exd5 32. b3 Rxe5 33. Qxe5
Re8 34. Qg3 Re2 35. Re1 Rxa2 36. Qb8+ Kh7 37. Re8 Bd3 38. Rh8+ Kg6 39. Qg3+ 1-0

[Event "DEM U10"]
[Site "Willingen"]
[Date "2006.06.09"]
[Round "10.4"]
[White "Galkin, Wladislaw"]
[Black "Toker, David"]
[Result "1-0"]
[WhiteElo "1457"]
[BlackElo "1118"]
[PlyCount "103"]
[EventDate "2006.??.??"]
[EventType "swiss"]
[EventRounds "11"]
[EventCountry "GER"]

1. d4 Nf6 2. c4 g6 3. Nc3 Bg7 4. e4 d6 5. Be2 O-O 6. Bg5 Nc6 7. Qd2 Re8 8. Nf3
b6 9. d5 Na5 10. O-O Bg4 11. b3 Bxf3 12. Bxf3 c5 13. Rac1 Nd7 14. g3 Qc7 15.
Bg2 e5 16. dxe6 Rxe6 17. e5 Nb7 18. Nb5 Qc8 19. Nxd6 Nxd6 20. Bxa8 Nxe5 21. Bg2
Qc7 22. Bf4 Nf5 23. Bxe5 Rxe5 24. f4 Re3 25. Rfe1 Bd4 26. Kh1 Qe7 27. Rcd1 Qf6
28. Rxe3 Nxe3 29. Rb1 a5 30. h3 h5 31. Re1 Qg7 32. Rxe3 Bxe3 33. Qxe3 Qa1+ 34.
Kh2 Qxa2 35. Qe8+ Kg7 36. Qb5 Qf2 37. h4 Qd2 38. Qxb6 Qb4 39. Qxb4 axb4 40. Bc6
Kf6 41. Kg2 Kf5 42. Kf3 Ke6 43. g4 hxg4+ 44. Kxg4 Kf6 45. Be8 Ke7 46. Bxf7 Kxf7
47. Kg5 Kg7 48. f5 gxf5 49. Kxf5 Kh6 50. Ke6 Kh5 51. Kd6 Kxh4 52. Kxc5 1-0

[Event "DEM U10"]
[Site "Willingen"]
[Date "2006.06.09"]
[Round "10.5"]
[White "Wagner, Dennis"]
[Black "Moritz, Aron"]
[Result "0-1"]
[WhiteElo "1225"]
[BlackElo "1237"]
[PlyCount "74"]
[EventDate "2006.??.??"]
[EventType "swiss"]
[EventRounds "11"]
[EventCountry "GER"]

1. e4 c5 2. Nf3 d6 3. d4 cxd4 4. Nxd4 a6 5. c4 Nf6 6. Nc3 e6 7. Bg5 Be7 8. Be2
Qc7 9. Be3 Nc6 10. Bd3 Ne5 11. Rc1 O-O 12. f4 Neg4 13. Bd2 Qb6 14. Nce2 e5 15.
h3 exd4 16. hxg4 Bxg4 17. Qc2 h6 18. e5 dxe5 19. fxe5 Nd7 20. Bf4 Bb4+ 21. Kf2
f6 22. Bh7+ Kh8 23. Bd3 fxe5 24. Rh4 Bxe2 25. Qxe2 Rxf4+ 26. Rxf4 exf4 27. Qe4
Nf6 28. Qxf4 Rf8 29. Kg1 Qa5 30. Rf1 Nd7 31. Qe4 Rxf1+ 32. Kxf1 Nf6 33. Qf4
Qxa2 34. Qb8+ Ng8 35. Qc8 Qa1+ 36. Kf2 Qe1+ 37. Kf3 Qe3+ 0-1

[Event "DEM U10"]
[Site "Willingen"]
[Date "2006.06.09"]
[Round "10.6"]
[White "Blübaum, Matthias"]
[Black "Plotkin, Alex"]
[Result "1-0"]
[WhiteElo "1475"]
[BlackElo "1364"]
[PlyCount "71"]
[EventDate "2006.??.??"]
[EventType "swiss"]
[EventRounds "11"]
[EventCountry "GER"]

1. d4 f5 2. Bg5 g6 3. Nc3 Bg7 4. h4 h6 5. Bf4 Nf6 6. Nf3 O-O 7. e3 d6 8. Bc4+
Kh7 9. Qd2 c6 10. O-O-O b5 11. Bd3 a5 12. Ng5+ Kg8 13. Nf3 a4 14. Rdg1 b4 15.
Ne2 b3 16. a3 bxc2 17. Bxc2 Be6 18. Nh2 Nbd7 19. g4 fxg4 20. Bxg6 c5 21. e4
cxd4 22. Nxd4 Nc5 23. Nxe6 Nxe6 24. Bxh6 Nc5 25. Qe3 Rb8 26. Nxg4 Nxg4 27. Rxg4
Nd3+ 28. Qxd3 Bxh6+ 29. Kb1 Kh8 30. Bf5 Bg7 31. Rxg7 Kxg7 32. Qg3+ Kf6 33. Qg6+
Ke5 34. Qg7+ Rf6 35. Qg3+ Kd4 36. Qc3# 1-0